000 01475nam a2200337 c 4500
003 BLK
005 20180422115213.0
008 180411b bul|||||r ||||||| ||bul||
010 _aKNG00191008000
040 _aBLK
041 _aBUL
_cBUL
080 _aНемска литература
_b821.112.2
_x(092)
_z821.112.2(092)
080 _aНемски писател, поет, драматург, хуманист, учен, философ и политик
_b929 Гьоте, Йохан Волфганг фон
_x
_z929 Гьоте, Йохан Волфганг фон
100 1 _aГълъбов, Константин
_eпърви автор
_9286971
139 _aГълъбов, Константин
_bГ 96
245 1 0 _aГьоте
_bОт барок и рококо към реализъм и класицизъм в литературата
_cКонстантин Гълъбов.
257 _aBGR
260 София
_bНаука и изкуство
_c1961
300 _a443 с.
_c25 см
380 _a82
600 1 4 _aГьоте, Йохан Волфганг фон
_9363966
650 4 _aНемска литература - критика
_9265421
650 4 _aГьоте, Йохан Фолфганг фон
_9152737
653 _aнемска литература
653 _aЙохан Гьоте
852 _aЦб 19756
856 4 _qpdf
_u
856 4 _qpdf
_u
942 _cKNG
_n0
944 _aCR
_c29.09.2016
_kКамелия_Данева
944 _aED
_c29.09.2016
_kКамелия_Данева
999 _c182085
_d182085